[Event "Premier"]
[Site "Seattle"]
[Date "2022.02.20"]
[Round "7"]
[White "Kona, Vidip"]
[Black "Frantz, Joseph"]
[Result "0-1"]
[WhiteElo "1929"]
[BlackElo "2009"]
[PlyCount "86"]
[EventDate "2022.??.??"]

1. Nf3 d6 2. b4 e5 3. d3 f5 4. c4 Nf6 5. g3 e4 6. Nd4 d5 7. c5 a5 8. dxe4 axb4
9. exf5 Bxc5 10. e3 O-O 11. Bd3 Bxd4 12. exd4 Re8+ 13. Kf1 Nc6 14. Bb2 Ne4 15.
f3 Nd6 16. g4 Na5 17. h4 Nac4 18. Bc1 Nb5 19. Bg5 Qd6 20. Nd2 Nb2 21. Qc2 Nxd3
22. Qxd3 Nc3 23. h5 Bd7 24. Kg2 Bb5 25. Qc2 Re2+ 26. Kh3 h6 27. Bh4 Qf4 28. Be1
Qxd4 29. Qc1 Qf4 30. a3 d4 31. Qb2 Kh8 32. f6 Qxf6 33. Rh2 Bc6 34. Bg3 Rxh2+
35. Kxh2 Ne2 36. Bxc7 Bxf3 37. Bg3 Nxg3 38. Kxg3 d3 39. Qc1 Bc6 40. Qe1 Re8 41.
Qg1 Re2 42. Rd1 Qe5+ 43. Kh3 Re3+ 0-1

[Event "Championship"]
[Site "Seattle"]
[Date "2022.02.20"]
[Round "7"]
[White "Liu, Austin"]
[Black "Lee, Megan"]
[Result "1/2-1/2"]
[WhiteElo "2004"]
[BlackElo "2321"]
[PlyCount "135"]
[EventDate "2022.??.??"]

1. e4 e5 2. Nf3 Nc6 3. Bb5 a6 4. Ba4 Nf6 5. O-O Be7 6. Re1 b5 7. Bb3 O-O 8. a4
Rb8 9. axb5 axb5 10. d3 d6 11. c3 h6 12. Nbd2 Re8 13. Nf1 Bf8 14. h3 Be6 15.
Ng3 d5 16. exd5 Bxd5 17. Ne4 Re6 18. Bc2 Ne8 19. Qe2 f5 20. Ng3 Nd6 21. b3 Qf6
22. Bb2 Ree8 23. Rab1 f4 24. Ne4 Nxe4 25. dxe4 Bf7 26. Nd2 b4 27. Bd3 bxc3 28.
Bxc3 Bb4 29. Rec1 Bxc3 30. Rxc3 Nd4 31. Qf1 Kh8 32. Rxc7 Bxb3 33. Rc3 Be6 34.
Rxb8 Rxb8 35. Bc4 Rb2 36. Rd3 Bxh3 37. Qa1 Rb8 38. Rxh3 Qc6 39. Qa7 Rf8 40. Qe7
Qf6 41. Qxf6 Rxf6 42. Nf3 Nxf3+ 43. Rxf3 Rc6 44. Bf1 Kh7 45. Ra3 Rc5 46. Rb3
Rc7 47. Rb5 Re7 48. Rb6 Rc7 49. Rd6 h5 50. Bb5 Re7 51. Bc4 Rc7 52. Bd5 g5 53.
Rc6 Ra7 54. Re6 Ra1+ 55. Kh2 Rf1 56. Rxe5 Kg6 57. Re6+ Kg7 58. Re7+ Kf6 59.
Rf7+ Kg6 60. f3 Re1 61. Rf5 h4 62. Bf7+ Kh6 63. Be8 h3 64. Rf6+ Kg7 65. Rg6+
Kf8 66. Rxg5 hxg2 67. Rf5+ Kxe8 68. Kxg2 {and, in mutual time pressure, they
reached a drawn K&P ending} 1/2-1/2

[Event "Premier"]
[Site "Seattle"]
[Date "2022.02.20"]
[Round "7"]
[White "Bian, Erin"]
[Black "Vemparala, Nikash"]
[Result "1/2-1/2"]
[WhiteElo "1919"]
[BlackElo "1998"]
[PlyCount "103"]
[EventDate "2022.??.??"]

1. e4 e5 2. Nf3 Nc6 3. Bb5 Nf6 4. d3 Bc5 5. Bxc6 dxc6 6. Nbd2 Nd7 7. Qe2 O-O 8.
Nc4 Re8 9. Bd2 f6 10. g4 Nf8 11. Rg1 Ne6 12. g5 f5 13. Ncxe5 Nd4 14. Nxd4 Qxd4
15. Nc4 fxe4 16. Bc3 Qd5 17. dxe4 Qxe4 18. Qxe4 Rxe4+ 19. Ne3 Bxe3 20. fxe3
Rxe3+ 21. Kd2 Re8 22. Rae1 Bf5 23. Rxe8+ Rxe8 24. Re1 Rd8+ 25. Kc1 Kf7 26. Rd1
Re8 27. Re1 Rd8 28. Rd1 Rd5 29. Rxd5 cxd5 30. Be5 c6 31. c3 g6 32. Kd2 Ke6 33.
Bb8 a6 34. b4 Bb1 35. a3 Kf5 36. h4 Kg4 37. Bc7 Kxh4 38. Bd8 Kg4 39. Ke3 Kf5
40. Kd4 Ke6 41. a4 Bc2 42. a5 Kd7 43. Bf6 Ke6 44. Bd8 Kf5 45. Be7 Ba4 46. Bd8
Bb5 47. Be7 Kg4 48. Ke5 Kh5 49. Kf4 h6 50. gxh6 Kxh6 51. Bg5+ Kg7 52. Ke5
1/2-1/2

[Event "Championship"]
[Site "Seattle"]
[Date "2022.02.20"]
[Round "8"]
[White "Shubin, Daniel"]
[Black "Liu, Austin"]
[Result "1-0"]
[WhiteElo "2214"]
[BlackElo "2004"]
[PlyCount "49"]
[EventDate "2022.??.??"]

1. e4 c5 2. Nf3 d6 3. d4 cxd4 4. Nxd4 Nf6 5. Nc3 g6 6. Be3 Bg7 7. Bc4 Ng4 8.
Bb5+ Kf8 9. O-O Be5 10. Bg5 h6 11. Bh4 Nxh2 12. f4 Nxf1 13. fxe5 Ne3 14. Qd3
Ng4 15. e6 f6 16. Nd5 Kg7 17. Qg3 h5 18. Bxf6+ exf6 19. e7 Qa5 20. b4 h4 21.
Qc3 Qxb5 22. Nxb5 Na6 23. Nxf6 Nxf6 24. Rf1 Bf5 25. Nxd6 1-0

[Event "Premier"]
[Site "Seattle"]
[Date "2022.02.20"]
[Round "8"]
[White "Ackerman, Ryan"]
[Black "Kona, Vidip"]
[Result "0-1"]
[WhiteElo "1918"]
[BlackElo "1929"]
[PlyCount "50"]
[EventDate "2022.??.??"]

1. d4 Nf6 2. c4 c5 3. d5 e6 4. Nc3 exd5 5. cxd5 d6 6. e4 g6 7. Nf3 Bg7 8. Nd2
a6 9. a4 O-O 10. Be2 Re8 11. O-O Nbd7 12. h3 Qc7 13. Qc2 Nf8 14. Nc4 Qe7 15.
Bd3 Nh5 16. g4 Qh4 17. gxh5 Bxh3 18. f3 Qg3+ 19. Kh1 Bxf1 20. Bxf1 Qxf3+ 21.
Qg2 Qxh5+ 22. Qh3 Qxh3+ 23. Bxh3 Bxc3 24. bxc3 Rxe4 25. Nxd6 Re1+ 0-1

[Event "Premier"]
[Site "Seattle"]
[Date "2022.02.20"]
[Round "8"]
[White "Frantz, Joseph"]
[Black "Bian, Erin"]
[Result "0-1"]
[WhiteElo "2009"]
[BlackElo "1919"]
[PlyCount "102"]
[EventDate "2022.??.??"]

1. d4 Nf6 2. c4 e6 3. Nf3 b6 4. g3 Ba6 5. b3 Bb4+ 6. Bd2 Be7 7. Nc3 d5 8. Bg2
c6 9. cxd5 cxd5 10. O-O O-O 11. Ne5 Bb7 12. Rc1 Nfd7 13. f4 Nxe5 14. fxe5 Nc6
15. e3 Ba3 16. Rf4 Bxc1 17. Bxc1 Ba6 18. Ba3 Ne7 19. Bf1 Bxf1 20. Rxf1 a6 21.
Ne2 Re8 22. Nf4 Ng6 23. Nh5 a5 24. Qf3 Ra7 25. h4 Qd7 26. Bd6 Rc8 27. a4 Qd8
28. e4 dxe4 29. Qxe4 Rc3 30. d5 exd5 31. Qxd5 Qa8 32. Qg2 Qxg2+ 33. Kxg2 Rxb3
34. Rc1 Ra8 35. e6 Rb2+ 36. Kh3 Rd2 37. exf7+ Kxf7 38. Rc7+ Ke6 39. Ba3 Ra2 40.
Nxg7+ Kd5 41. Rc3 Ne5 42. g4 Nc4 43. Be7 Rxa4 44. g5 Ra7 45. Bf6 Ra3 46. Rxa3
Nxa3 47. Kg4 Nc4 48. Kh5 Ne5 49. Nf5 Rb7 50. Ne7+ Ke6 51. Nc8 a4 0-1

[Event "Championship"]
[Site "Seattle"]
[Date "2022.02.20"]
[Round "8"]
[White "Mahajan, Rushaan"]
[Black "Jiang, Brandon"]
[Result "1/2-1/2"]
[WhiteElo "2253"]
[BlackElo "2154"]
[PlyCount "98"]
[EventDate "2022.??.??"]
[TimeControl "40/120:0"]

1. Nf3 f5 2. d3 Nf6 3. e4 d6 4. exf5 Bxf5 5. d4 Nc6 6. c3 e5 7. Bg5 h6 8. Bh4
e4 9. Nfd2 Be7 10. Be2 Nd5 11. Bxe7 Qxe7 12. Nc4 Qg5 13. g3 O-O 14. Qd2 Qxd2+
15. Nbxd2 Rae8 16. Nf1 Nce7 17. Nce3 Nxe3 18. Nxe3 Be6 19. O-O Bh3 20. Rfd1 c6
21. Rd2 Nf5 22. Ng2 g5 23. Bh5 Re6 24. Re1 d5 25. Bd1 Kg7 26. Ne3 h5 27. Nxf5+
Bxf5 28. Re3 Ref6 29. Be2 Rh8 30. Bf1 h4 31. c4 hxg3 32. fxg3 Be6 33. cxd5 cxd5
34. Rc3 Kg6 35. Rcc2 Rhf8 36. Rf2 Bg4 37. Rxf6+ Rxf6 38. Bb5 a6 $6 39. Bf1 Bf3
40. Rc7 $2 Re6 $2 41. Kf2 Rb6 42. b3 Bg4 43. Ke3 Bf3 44. Rc5 Rd6 45. b4 Bd1 46.
a3 Ba4 47. Rc7 Rb6 48. Rc5 Rd6 49. Rc7 Rb6 1/2-1/2

[Event "Premier"]
[Site "Seattle"]
[Date "2022.02.20"]
[Round "8"]
[White "Anand, Vignesh"]
[Black "Lu, Yiding"]
[Result "1/2-1/2"]
[WhiteElo "2080"]
[BlackElo "1945"]
[PlyCount "111"]
[EventDate "2022.??.??"]

1. d4 Nf6 2. Nf3 b6 3. g3 Bb7 4. Bg2 e6 5. O-O Be7 6. c4 O-O 7. Nc3 Ne4 8. Qc2
Nxc3 9. Qxc3 d6 10. b3 f5 11. Nd2 Bxg2 12. Kxg2 Nd7 13. Bb2 Bf6 14. Qc2 Qe8 15.
Rfe1 Qg6 16. e4 f4 17. Nf3 Rad8 18. Rad1 e5 19. dxe5 Bxe5 20. Bxe5 Nxe5 21.
Nxe5 dxe5 22. Rd5 f3+ 23. Kh1 Qe6 24. Qd1 Qh3 25. Rg1 Rde8 26. g4 Qh6 27. Rd7
Qc6 28. Qd5+ Qxd5 29. cxd5 Rf4 30. Re1 Rxg4 31. Rxc7 Rd8 32. Rg1 Rxg1+ 33. Kxg1
Rf8 34. d6 Rd8 35. d7 Kf7 36. Rxa7 Ke7 37. h3 h5 38. h4 Rxd7 39. Rxd7+ Kxd7 40.
b4 b5 41. Kh2 Ke6 42. Kg3 Kf6 43. Kxf3 g5 44. Kg3 gxh4+ 45. Kxh4 Kg6 46. Kh3
Kg5 47. Kg3 h4+ 48. Kh3 Kh5 49. Kh2 Kg4 50. Kg2 Kf4 51. Kh3 Kxe4 52. Kxh4 Kf4
53. Kh5 e4 54. Kg6 e3 55. fxe3+ Kxe3 56. a4 1/2-1/2

[Event "Premier"]
[Site "Seattle"]
[Date "2022.02.20"]
[Round "8"]
[White "Vemparala, Nikash"]
[Black "Kuhner, Mary"]
[Result "1-0"]
[WhiteElo "1998"]
[BlackElo "1897"]
[PlyCount "121"]
[EventDate "2022.??.??"]

1. e4 e6 2. d4 d5 3. exd5 exd5 4. Nf3 Bd6 5. Bd3 Ne7 6. O-O Bf5 7. Bxf5 Nxf5 8.
Re1+ Ne7 9. Nbd2 O-O 10. Nf1 Nd7 11. Ne3 c6 12. c3 Qc7 13. Qc2 Nf6 14. g3 Rfe8
15. c4 dxc4 16. Nxc4 Ned5 17. Nfe5 Nd7 18. Nxd6 Qxd6 19. Nf3 Rxe1+ 20. Nxe1 Re8
21. Nf3 h6 22. Bd2 N7f6 23. Qb3 Qc7 24. Rc1 Qb6 25. Qc2 Nb4 26. Qc4 Nbd5 27. b3
Re4 28. Kg2 Qd8 29. a4 Re6 30. a5 a6 31. Ne5 Nc7 32. Be3 Nfd5 33. Re1 Nb5 34.
b4 Nd6 35. Qb3 Nb5 36. Qc4 Ndc7 37. Nd3 Qd5+ 38. Qxd5 Nxd5 39. Nc5 Re7 40. Bd2
Rxe1 41. Bxe1 Nd6 42. Kf1 Kf8 43. Ke2 Nc7 44. Kd3 Ke7 45. Bd2 Ncb5 46. g4 f5
47. gxf5 Kf6 48. Bf4 Kxf5 49. Bxd6 Nxd6 50. d5 cxd5 51. Kd4 Kf6 52. Kxd5 Ke7
53. Nxb7 Nxb7 54. b5 Nd6 55. bxa6 Nb5 56. Kc6 Na7+ 57. Kb7 Kd7 58. Kxa7 Kc7 59.
h4 g6 60. f3 g5 61. h5 1-0

[Event "Championship"]
[Site "Seattle"]
[Date "2022.02.20"]
[Round "8"]
[White "Readey, John"]
[Black "Levine, Joseph"]
[Result "1-0"]
[WhiteElo "2289"]
[BlackElo "2251"]
[PlyCount "125"]
[EventDate "2022.??.??"]

1. Nf3 d5 2. g3 Nf6 3. Bg2 g6 4. c4 c6 5. b3 Bg7 6. Bb2 O-O 7. O-O Nbd7 8. Qc2
Re8 9. Nc3 Nb6 10. d3 Bg4 11. h3 Bxf3 12. Bxf3 Qd7 13. Bg2 e5 14. e4 dxe4 15.
dxe4 Rad8 16. Rad1 Qe7 17. Nb1 Nbd7 18. Ba3 Nc5 19. Nc3 Nfd7 20. Na4 b6 21. h4
Bf8 22. Bh3 Qf6 23. Bc1 h6 24. Nxc5 Nxc5 25. Be3 a5 26. Kg2 Kh7 27. Bg4 Qe7 28.
h5 g5 29. Rxd8 Rxd8 30. Rd1 Qc7 31. Rd2 Kg7 32. Bf5 Na6 33. Qd1 Rxd2 34. Qxd2
Bb4 35. Qd7 Qxd7 36. Bxd7 Nb8 37. Bc8 c5 38. f4 f6 39. Bb7 Bc3 40. Kf3 Nd7 41.
Kg4 Be1 42. Bc1 Bc3 43. Bc6 Nf8 44. Kf5 Kf7 45. Be3 Ba1 46. Bd2 Bb2 47. Be1 Bd4
48. a3 Ke7 49. b4 axb4 50. axb4 gxf4 51. gxf4 exf4 52. Kxf4 Ne6+ 53. Kf5 Be3
54. Bd5 Nd4+ 55. Kg6 Nc2 56. Bh4 cxb4 57. Bxf6+ Kf8 58. e5 b3 59. e6 Bc5 60.
Kxh6 Ne3 61. Kg6 Ng4 62. Bb2 Be7 63. Bf3 1-0

[Event "Championship"]
[Site "Seattle"]
[Date "2022.02.20"]
[Round "8"]
[White "Velea, Anne-Marie"]
[Black "Moroney, Timothy"]
[Result "1-0"]
[WhiteElo "2187"]
[BlackElo "2234"]
[PlyCount "51"]
[EventDate "2022.??.??"]

1. e4 c5 2. Nf3 d6 3. Bb5+ Nd7 4. d4 cxd4 5. Qxd4 a6 6. Bxd7+ Bxd7 7. Bg5 Nf6
8. Nc3 e5 9. Qd3 Bc6 10. O-O-O Qb6 11. Nd2 O-O-O 12. Nc4 Qc7 13. Qf3 Be7 14.
Ne3 Kb8 15. h4 Rc8 16. Rd2 b5 17. Bxf6 Bxf6 18. Ncd5 Qa5 19. a3 b4 20. Nxb4 Bb5
21. Nbd5 Bd8 22. Qxf7 Qa4 23. Qe6 Ba5 24. Qxd6+ Ka7 25. c3 Qxe4 26. f3 1-0

[Event "Championship"]
[Site "Seattle"]
[Date "2022.02.20"]
[Round "8"]
[White "Pupols, Viktors"]
[Black "Lee, Megan"]
[Result "0-1"]
[WhiteElo "2200"]
[BlackElo "2321"]
[PlyCount "66"]
[EventDate "2022.??.??"]

1. Nf3 d5 2. d4 Nf6 3. c4 c6 4. Nc3 e6 5. Bg5 Nbd7 6. cxd5 exd5 7. Rc1 h6 8.
Bh4 Qa5 9. Qa4 Qxa4 10. Nxa4 Bb4+ 11. Nc3 Ne4 12. e3 Nb6 13. Nd2 Nxd2 14. Kxd2
Na4 15. Kc2 Nxc3 16. bxc3 Ba3 17. Rb1 Bf5+ 18. Bd3 Bxd3+ 19. Kxd3 b5 20. Rhe1
Kd7 21. e4 dxe4+ 22. Rxe4 f5 23. Re5 g5 24. Rxf5 gxh4 25. d5 a6 26. dxc6+ Kxc6
27. Re1 Rad8+ 28. Kc2 Rhf8 29. Re6+ Bd6 30. Rxf8 Rxf8 31. Rxh6 Rxf2+ 32. Kb3
Rxg2 33. Rxh4 Rxh2 0-1

[Event "Challengers"]
[Site "Redmond"]
[Date "2022.02.21"]
[Round "9"]
[White "Vijeyanandh, Vishnu"]
[Black "Anandkumar, Haituka"]
[Result "0-1"]
[WhiteElo "1130"]
[BlackElo "1475"]
[PlyCount "121"]
[EventDate "2022.??.??"]

1. e4 c5 2. Nf3 d6 3. d4 cxd4 4. Nxd4 Nf6 5. Nc3 g6 6. Be3 Bg7 7. Qd3 Nc6 8.
Nb3 O-O 9. O-O-O Be6 10. Be2 Rc8 11. Kb1 Bxb3 12. cxb3 Nb4 13. Qd2 Qa5 14. a3
Na6 15. Rc1 Nc5 16. Bxc5 dxc5 17. Rhd1 a6 18. e5 Ne8 19. Na2 Qxd2 20. Rxd2 Bh6
21. Rdc2 Bxc1 22. Rxc1 Ng7 23. Bf3 Rc7 24. b4 c4 25. b3 b5 26. Be2 Rfc8 27.
bxc4 bxc4 28. Nc3 Nf5 29. Bg4 e6 30. Bxf5 exf5 31. Nd5 Rb7 32. a4 c3 33. Kc2
Kg7 34. Kb3 Rc5 35. Nxc3 Rxe5 36. f4 Re3 37. g3 Rd3 38. Rc2 Rd4 39. Na2 Rbd7
40. b5 axb5 41. axb5 Rd1 42. Nc3 R1d6 43. Rb2 h6 44. Kc4 Rc7+ 45. Kb4 Rd4+ 46.
Kb3 Rb7 47. Ka3 g5 48. fxg5 hxg5 49. b6 f4 50. gxf4 gxf4 51. Na4 Rd5 52. Kb4 f3
53. Kc4 Rf5 54. Nc5 Rb8 55. b7 f2 56. Rxf2 Rxf2 57. Kd5 Rd2+ 58. Kc6 Rc2 59.
Kc7 Rxb7+ 60. Kxb7 Rxc5 61. Kb6 0-1

[Event "Invitational"]
[Site "Redmond"]
[Date "2022.02.21"]
[Round "9"]
[White "Razmov, Gabriel"]
[Black "Zhang, Kylie"]
[Result "1-0"]
[WhiteElo "1668"]
[BlackElo "1675"]
[PlyCount "121"]
[EventDate "2022.??.??"]

1. e4 c5 2. Nf3 Nc6 3. d4 cxd4 4. Nxd4 Nf6 5. Nc3 e5 6. Ndb5 d6 7. Bg5 a6 8.
Na3 b5 9. Nd5 Be7 10. Bxf6 Bxf6 11. c3 O-O 12. Nc2 Bg5 13. a4 bxa4 14. Rxa4 a5
15. Bc4 Kh8 16. h4 Bh6 17. Nce3 f5 $4 18. f3 $4 fxe4 19. fxe4 Bxe3 20. Nxe3 Qf6
21. Kd2 Bd7 22. Ra2 Qf2+ 23. Qe2 Qg3 24. Qe1 Rf2+ 25. Kc1 Qf4 26. Rh2 $1 Rf8
27. g3 $1 Qxg3 28. Rxf2 Rxf2 $4 29. b4 Rf1 30. Qxf1 Qxe3+ 31. Kb1 Qxe4+ 32. Bd3
Qf4 33. Qxf4 exf4 34. Rf2 Ne5 35. Rxf4 $4 Kg8 $4 36. Bc4+ Nxc4 37. Rxc4 axb4
38. cxb4 Kf7 39. Kc2 Bb5 40. Rc7+ Kf6 41. Rb7 Be2 42. Rd7 h5 43. Rxd6+ Kf5 44.
b5 Kg4 45. b6 Bf3 46. Rg6+ Kxh4 47. Rxg7 Kh3 48. b7 Bxb7 49. Rxb7 h4 50. Rg7
Kh2 51. Kd2 h3 52. Ke2 Kh1 53. Kf2 $6 h2 54. Kg3 Kg1 55. Ra7 h1=N+ 56. Kf3 Kh2
57. Rg7 Ng3 58. Rxg3 Kh1 59. Kf2 Kh2 60. Rf3 Kh1 61. Rh3# 1-0

[Event "Invitational"]
[Site "Redmond"]
[Date "2022.02.21"]
[Round "9"]
[White "Razmov, Valentin"]
[Black "Liu, Erik"]
[Result "1/2-1/2"]
[WhiteElo "1821"]
[BlackElo "1823"]
[PlyCount "54"]
[EventDate "2022.??.??"]

1. d4 Nf6 2. c4 e6 3. Nf3 Be7 4. g3 d5 5. Bg2 O-O 6. Nc3 c5 7. cxd5 exd5 8. O-O
cxd4 9. Nxd4 Nc6 10. Bf4 Qb6 11. Nb3 d4 12. Ne4 Nxe4 13. Bxe4 Bh3 14. Re1 Bb4
15. Nd2 Rfe8 16. Bd3 Ne5 17. Qb3 Nxd3 18. Qxd3 Qc6 19. f3 Rac8 20. a3 Bxd2 21.
Qxd2 Qc2 22. Rac1 Qxd2 23. Bxd2 Rxc1 24. Bxc1 d3 25. Kf2 Rxe2+ 26. Rxe2 dxe2
27. Kxe2 Be6 1/2-1/2

[Event "Challengers"]
[Site "Redmond"]
[Date "2022.02.21"]
[Round "9"]
[White "Ramkumar, Nikhil"]
[Black "Nallappa, Vijay"]
[Result "1-0"]
[WhiteElo "1585"]
[BlackElo "1602"]
[PlyCount "117"]
[EventDate "2022.??.??"]

1. e4 c5 2. Nc3 d6 3. g3 g6 4. Bg2 Bg7 5. f4 Bd7 6. d3 Nc6 7. Nge2 Rb8 8. O-O
Nh6 9. h3 f5 10. Be3 O-O 11. d4 cxd4 12. Nxd4 fxe4 13. Nxe4 Nf5 14. Nxf5 Bxf5
15. c3 Bh6 16. g4 Be6 17. Qc2 a6 18. Rad1 Qc7 19. Ng3 Ne5 20. g5 Nc4 21. Bc1
Bg7 22. b3 Nb6 23. c4 Qd7 24. Kh2 Qc8 25. Qe2 Rf7 26. Rde1 Bf5 27. Nxf5 Qxf5
28. Qe6 Qxe6 29. Rxe6 Nd7 30. Rfe1 Bf8 31. Kg3 Nc5 32. R6e3 b5 33. b4 Nb7 34.
Bd5 Nd8 35. Bxf7+ Kxf7 36. cxb5 Rxb5 37. a3 Nc6 38. Bb2 a5 39. Rc1 Nd8 40. Bc3
axb4 41. Bxb4 Ne6 42. Bd2 Nd4 43. Kg4 Nf5 44. Rd3 Bg7 45. a4 Rb7 46. a5 Bd4 47.
Bc3 Bc5 48. a6 Ra7 49. Ra1 Ne3+ 50. Kf3 Nc4 51. Bd4 Ke6 52. Bxc5 dxc5 53. Rc3
Nd6 54. Rxc5 Nf5 55. Re5+ Kf7 56. Kg4 Kg7 57. h4 Rc7 58. a7 Rc3 59. Rxf5 1-0

[Event "Challengers"]
[Site "Redmond"]
[Date "2022.02.21"]
[Round "9"]
[White "Sankar, Abhay"]
[Black "Xu, Owen"]
[Result "0-1"]
[WhiteElo "1495"]
[BlackElo "1658"]
[PlyCount "74"]
[EventDate "2022.??.??"]

1. d4 Nf6 2. c4 e6 3. Nc3 Bb4 4. Nf3 O-O 5. e3 d5 6. Be2 c5 7. O-O Nc6 8. a3
cxd4 9. exd4 Bd6 10. Bg5 Be7 11. Re1 h6 12. Bh4 Ne4 13. Bxe7 Nxe7 14. Qc2 Nxc3
15. bxc3 dxc4 16. Bxc4 b6 17. Ne5 Bb7 18. Bd3 Rc8 19. Rac1 Nd5 20. Qd2 Qh4 21.
Re4 Qg5 22. f4 Qe7 23. c4 Qxa3 24. Rc2 Nb4 25. Rc3 Qa2 26. Qe3 f5 27. Nd7 fxe4
28. Nxf8 Nxd3 29. Rxd3 Qb1+ 30. Kf2 Qxd3 31. Qc1 Rxc4 32. Qe1 Kxf8 33. f5 Rc2+
34. Kg1 Qxd4+ 35. Kf1 Ba6+ 36. Qe2 Rxe2 37. fxe6 Qd1# 0-1

[Event "Invitational"]
[Site "Redmond"]
[Date "2022.02.21"]
[Round "9"]
[White "Cheng, Edward"]
[Black "Seshadri, Sridhar"]
[Result "1-0"]
[WhiteElo "1716"]
[BlackElo "1792"]
[PlyCount "58"]
[EventDate "2022.??.??"]

1. Nf3 Nf6 2. g3 b6 3. Bg2 Bb7 4. O-O g6 5. d3 Bg7 6. e4 d6 7. Nc3 O-O 8. Qe2
c5 9. Nh4 e5 10. f4 Nbd7 11. f5 a6 12. g4 Nxe4 13. Nxe4 Bxe4 14. Bxe4 Qxh4 15.
Bxa8 Rxa8 16. Qe4 d5 17. Qxd5 Qxg4+ 18. Kh1 Rd8 19. fxg6 hxg6 20. Qxf7+ Kh7 21.
Rg1 Rf8 22. Qxg7+ Kxg7 23. Rxg4 Rf1+ 24. Rg1 Rf2 25. Be3 Rf3 26. Rg3 Rf5 27.
Kg2 Rf8 28. Rf1 Re8 29. Rgf3 e4 1-0

[Event "Invitational"]
[Site "Redmond"]
[Date "2022.02.21"]
[Round "9"]
[White "Wang, Ted"]
[Black "Willy, Stephen"]
[Result "1-0"]
[WhiteElo "1800"]
[BlackElo "1898"]
[PlyCount "55"]
[EventDate "2022.??.??"]

1. e4 e5 2. Nf3 Nc6 3. Bc4 Bc5 4. c3 Nf6 5. d3 d6 6. Bb3 h6 7. h3 a5 8. Nbd2
Qe7 9. Nf1 Be6 10. Ng3 Rd8 11. Qe2 Qd7 12. O-O O-O 13. Be3 Bxe3 14. fxe3 Bxb3
15. axb3 d5 16. Nh4 Nh7 17. Ngf5 dxe4 18. dxe4 Qd3 19. Qh5 Qxe4 20. Rf3 Rd6 21.
Nxd6 cxd6 22. Ra4 Qd3 23. Rg4 Ng5 24. Nf5 Nxf3+ 25. gxf3 Kh8 26. Rxg7 Qxf5 27.
Qxh6+ Qh7 28. Qxh7# 1-0

[Event "Challengers"]
[Site "Redmond"]
[Date "2022.02.21"]
[Round "9"]
[White "Cheng, Selina"]
[Black "Parthasarathy, Adithya"]
[Result "1-0"]
[WhiteElo "1367"]
[BlackElo "1011"]
[PlyCount "29"]
[EventDate "2022.??.??"]

1. e4 e5 2. Nf3 Nc6 3. Bb5 a6 4. Ba4 b5 5. Bb3 Bc5 6. Nxe5 Nxe5 7. d4 Bd6 8.
dxe5 Bxe5 9. Qd5 Qe7 10. Qxa8 Kd8 11. O-O c6 12. Bd2 Bxb2 13. Ba5+ Ke8 14.
Qxc8+ Qd8 15. Qxd8# 1-0

[Event "Invitational"]
[Site "Redmond"]
[Date "2022.02.21"]
[Round "9"]
[White "Tu, Robin"]
[Black "Gupta, Anand"]
[Result "0-1"]
[WhiteElo "1809"]
[BlackElo "1842"]
[PlyCount "32"]
[EventDate "2022.??.??"]

1. e4 c6 2. d4 d5 3. e5 Bf5 4. f4 e6 5. Nf3 c5 6. Bb5+ Nc6 7. c3 Qb6 8. Bxc6+
bxc6 9. O-O h5 10. Nh4 Nh6 11. Nxf5 Nxf5 12. dxc5 Bxc5+ 13. Kh1 h4 14. b4 Ng3+
15. hxg3 hxg3+ 16. Qh5 Rxh5# 0-1

[Event "Championship"]
[Site "Seattle"]
[Date "2022.02.21"]
[Round "9"]
[White "Jiang, Brandon"]
[Black "Pupols, Viktors"]
[Result "1/2-1/2"]
[WhiteElo "2154"]
[BlackElo "2200"]
[PlyCount "140"]
[EventDate "2022.??.??"]
[TimeControl "40/120:0"]

1. e4 c6 2. d4 d5 3. exd5 cxd5 4. c4 Nf6 5. Nc3 Nc6 6. Nf3 Bf5 7. Bg5 Ne4 8.
cxd5 Nxc3 9. bxc3 Qxd5 10. Be2 e6 11. O-O Be7 12. Bxe7 Nxe7 13. Qa4+ Nc6 14.
Qa3 Qa5 15. Qb3 Qc7 16. c4 O-O 17. Rac1 Rad8 18. Rfd1 h6 19. d5 Na5 20. Qe3
exd5 21. cxd5 Qb8 22. h3 Rd6 $6 23. Qf4 Bd7 24. Qb4 b6 $6 25. Ne5 Rd8 26. Bf3
Be8 27. Qc3 Qb7 28. Re1 f6 29. Ng4 $6 Bf7 30. Ne3 Bg6 31. Qb4 Qf7 32. Rc3 Nb7
33. Nc4 R6d7 34. Rce3 $6 Qf8 35. Qb5 Nd6 36. Nxd6 Qxd6 37. Re6 Qa3 38. R6e2 Bf7
39. Rd2 Rd6 40. Red1 Be8 41. Qe2 Bf7 42. Rc2 Re8 43. Qb5 a6 44. Rd3 $6 Re1+ 45.
Kh2 axb5 46. Rxa3 Re8 47. Rb2 Re5 48. Rd3 Be8 49. Rc3 Kh7 50. h4 h5 51. Rbc2 $6
Bg6 52. Rb2 Be4 53. Bxe4+ Rxe4 54. g3 Rxd5 55. Rc6 Red4 56. Rxb6 b4 57. Kg2 Ra5
58. R2xb4 Rxb4 59. Rxb4 Rxa2 60. Rc4 Kg6 61. Rb4 Ra3 62. Rf4 Ra5 63. Rd4 Ra3
64. Rc4 Rb3 65. Rf4 Ra3 66. Rd4 Rb3 67. Rf4 Ra3 68. Rd4 Rb3 69. Rf4 Ra3 70. Rd4
Rb3 1/2-1/2